000
00348 a2200169 4500
001
169791
020
_a
85-16-02725-2
040
_c
Magnum
100
_a
Bandeira, Pedro
240
1
0
_a
O par de tĂȘnis
_l
por
245
1
0
_a
O par de tĂȘnis
300
_a
46
362
0
_a
2001
440
1
_a
Moderna
697
_a
LITERATURA JUVENIL
942
_c
BK
999
_c
169791
_d
169791